| 000 | 00332nam a22001217a 4500 | ||
|---|---|---|---|
| 082 | _a220 PRO | ||
| 100 |
_aMUNIR,ANAS,SAJID _972441 |
||
| 245 | _aPR-SOF-1178-INTELLIGENT DRIVING SYSTEM FOR OUTDOOR NAVIGATION | ||
| 260 |
_aISLAMABAD _bNUST COLLEGE OF EME _c2012 |
||
| 650 | _a DE-MTS-30 | ||
| 700 | _aDR KUNWAR FARAZ | ||
| 942 | _cCR | ||
| 999 |
_c578470 _d578470 |
||